[Event "TCh-POL Ekstraliga 2017"]
[Site "Gorzow Wielkopolski POL"]
[Date "2017.05.05"]
[Round "1.2"]
[White "Markowski,T"]
[Black "Matuszewski,Mi"]
[Result "1-0"]
[WhiteElo "2556"]
[BlackElo "2485"]

1.d4 d5 2.Nf3 Nf6 3.c4 c6 4.cxd5 cxd5 5.Nc3 Nc6 6.Bf4 a6 7.Rc1 Bf5 8.e3 Rc8
9.Be2 e6 10.O-O Bd6 11.Bxd6 Qxd6 12.a3 O-O 13.h3 h6 14.Na4 Rc7 15.Nd2 Rfc8
16.Nb6 Rd8 17.Qb3 e5 18.dxe5 Qxe5 19.Nf3 Qe7 20.Rfe1 d4 21.exd4 Nxd4 22.Nxd4
Rxd4 23.Bc4 Qd8 24.a4 Ne4 25.Qf3 Bg6 26.Qe3 Kh7 27.a5 Rc5 28.b4 Rf5 29.f3 Nd2
30.Kh1 Qh4 31.Be2 Rg5 32.Red1 Bf5 33.Rxd2 Bxh3 34.Qxd4 Bxg2+ 35.Kg1 Bxf3+
36.Kf1 Qh1+ 37.Kf2 Qh2+ 38.Ke1 Re5 39.Qf2 Qh3 40.Nc4 Re4 41.Rc3 {#r} 1-0

[Event "TCh-POL Ekstraliga 2017"]
[Site "Gorzow Wielkopolski POL"]
[Date "2017.05.05"]
[Round "1.4"]
[White "Warakomski,T"]
[Black "Mikrut,D"]
[Result "1-0"]
[WhiteElo "2511"]
[BlackElo "2406"]

1.e4 e5 2.Nf3 Nc6 3.Bc4 Nf6 4.d3 Bc5 5.c3 a6 6.Nbd2 O-O 7.Nf1 Ng4 8.d4 exd4
9.cxd4 Bb4+ 10.N1d2 Nf6 11.d5 Ne7 12.a3 Ba5 13.e5 Nfxd5 14.b4 Bb6 15.Ne4 c6
16.Bg5 h6 17.Bh4 Nf4 18.O-O Nfg6 19.Bg3 d5 20.exd6 Nf5 21.Nc5 Nxg3 22.hxg3
Bxc5 23.bxc5 Bg4 24.Qd4 Qd7 25.Bd3 Bf5 26.Bxf5 Qxf5 27.Rab1 Rab8 28.Rfe1 Rfd8
29.Qc4 Qd7 30.Ne5 Nxe5 31.Rxe5 Re8 32.Rbe1 Rxe5 33.Rxe5 Re8 34.Rxe8+ Qxe8
35.Qb4 Qe2 36.f3 Qd1+ 37.Kh2 Qd5 38.Qa5 Kh7 39.Qd8 f6 40.Qe8 {#r} 1-0

[Event "TCh-POL Ekstraliga 2017"]
[Site "Gorzow Wielkopolski POL"]
[Date "2017.05.05"]
[Round "1.2"]
[White "Polok,K"]
[Black "Mastrovasilis,D"]
[Result "0-1"]
[WhiteElo "2280"]
[BlackElo "2580"]

1.e4 c5 2.Nf3 e6 3.d4 cxd4 4.Nxd4 Nc6 5.Nc3 Qc7 6.Be2 a6 7.O-O b5 8.Nxc6 dxc6
9.f4 Bb7 10.Be3 Be7 11.Qe1 c5 12.Bf3 b4 13.Nb1 Nf6 14.Nd2 c4 15.c3 bxc3
16.bxc3 O-O 17.Rb1 Rac8 18.Kh1 Ba8 19.Bd4 Qxf4 20.Qe2 Qc7 21.e5 Nd5 22.Ne4 Rb8
23.Rxb8 Rxb8 24.Bh5 g6 25.Bg4 Nf4 26.Qe3 Bxe4 27.Qxf4 Bf5 28.Bxf5 exf5 29.g4
Qc6+ 30.Kg1 Rb2 31.Rf2 Rb1+ 32.Rf1 Rb2 33.Rf2 Rb1+ 34.Rf1 Rxf1+ 35.Kxf1 Qh1+
36.Ke2 Qg2+ 37.Ke3 Ba3 {#R} 0-1

[Event "TCh-POL Ekstraliga 2017"]
[Site "Gorzow Wielkopolski POL"]
[Date "2017.05.05"]
[Round "1.5"]
[White "Wieczorek,O"]
[Black "Orzechowski,J"]
[Result "1-0"]
[WhiteElo "2458"]
[BlackElo "2087"]

1.c4 c6 2.Nf3 d5 3.b3 Bg4 4.e3 e5 5.h3 Bxf3 6.Qxf3 Nf6 7.Bb2 Bd6 8.cxd5 cxd5
9.Bb5+ Nc6 10.Nc3 e4 11.Bxc6+ bxc6 12.Qe2 O-O 13.Na4 Nd7 14.Rc1 Qc8 15.d3 f5
16.O-O Ne5 17.Bxe5 Bxe5 18.Rc2 f4 19.exf4 Rxf4 20.dxe4 Rxe4 21.Qh5 Bd4 22.Qd1
Qe8 23.Kh1 Rc8 24.f3 Rh4 25.Qe1 Qxe1 26.Rxe1 Rh6 27.Rd1 Bf6 28.Rxd5 Rd8
29.Rxd8+ Bxd8 30.Nc5 Bb6 31.Ne4 Kf8 32.Kh2 Ke7 33.g3 Kd7 34.Kg2 Rh5 35.f4 Rd5
36.Rd2 Bd4 37.Kf3 h6 38.g4 g6 39.Ng3 Kc7 40.Ke4 Bg1 41.Rxd5 cxd5+ 42.Kxd5 {#r}
1-0

[Event "TCh-POL Ekstraliga 2017"]
[Site "Gorzow Wielkopolski POL"]
[Date "2017.05.05"]
[Round "1.6"]
[White "Zemlickova,Olena"]
[Black "Zawadzka,J"]
[Result "0-1"]
[WhiteElo "2066"]
[BlackElo "2419"]

1.d4 d5 2.Nf3 Nf6 3.e3 e6 4.Bd3 c5 5.b3 Nc6 6.Bb2 Bd6 7.Nbd2 O-O 8.a3 b6 9.Ne5
Bb7 10.f4 Ne7 11.O-O Ne4 12.Bxe4 dxe4 13.Ndc4 Nf5 14.Nxd6 Qxd6 15.Nc4 Qc7
16.g4 Nh4 17.Nd2 Rac8 18.c4 Rfd8 19.Qe1 Nf3+ 20.Nxf3 exf3 21.dxc5 Qxc5 22.Qc3
f6 23.Kf2 Rd6 24.Rfd1 Rcd8 25.Qc2 Qc7 26.Bc3 Qd7 27.Rxd6 Qxd6 28.Ra2 e5
29.fxe5 fxe5 30.Qf5 e4 31.Be5 Qe7 32.Qf4 Rd3 33.b4 Qh4+ 34.Qg3 Qd8 35.Bd4 Rxd4
36.exd4 Qxd4+ 37.Ke1 Qxc4 38.Qe5 h6 39.Rb2 Qc1+ 40.Kf2 e3+ 41.Kg3 e2 42.Qe8+
Kh7 43.Rxe2 fxe2 {#R} 0-1

[Event "TCh-RUS Women 2017"]
[Site "Sochi RUS"]
[Date "2017.05.04"]
[Round "4.1"]
[White "Ovod,E"]
[Black "Ubiennykh,E"]
[Result "0-1"]
[WhiteElo "2380"]
[BlackElo "2307"]

1.d4 Nf6 2.Bg5 d5 3.e3 c5 4.c3 Qb6 5.Qc2 Nc6 6.Bxf6 exf6 7.dxc5 Bxc5 8.Nd2 O-O
9.Nb3 Bd6 10.Rd1 Rd8 11.Be2 g6 12.Nf3 Bf5 13.Qc1 Be4 14.O-O Rac8 15.Nfd4 a5
16.a4 Bb8 17.Nb5 Bf5 18.Rd2 Ne5 19.Rfd1 Ng4 20.Rd4 Bxh2+ 21.Kh1 Nxf2+ 22.Kxh2
Nxd1 23.Bxd1 Qe6 24.Nxa5 Qe5+ 25.Kg1 b6 26.Nb3 Be4 27.Qd2 f5 28.Qf2 g5 29.Nd2
Rc6 30.Nf1 h5 31.Qg3 Qe7 32.Bxh5 Kg7 33.Bf3 Rg6 34.Rb4 Qf6 35.Nd4 Rh8 36.Ne2
Rh4 37.Bxe4 fxe4 38.Qc7 Rh1+ 39.Kxh1 Qxf1+ 40.Ng1 Rh6+ 41.Qh2 Rxh2+ 42.Kxh2
Qe1 43.Rxb6 Qh4+ 44.Nh3 g4 45.a5 gxh3 46.g3 Qg4 47.a6 f5 48.a7 Qf3 49.Rb7+ Kg6
50.Rb6+ Kg5 {#R} 0-1

[Event "TCh-RUS Women 2017"]
[Site "Sochi RUS"]
[Date "2017.05.04"]
[Round "4.1"]
[White "Tomilova,E"]
[Black "Belenkaya,D"]
[Result "0-1"]
[WhiteElo "2300"]
[BlackElo "2290"]

1.c4 e5 2.g3 Nc6 3.Bg2 Bc5 4.Nc3 d6 5.e3 a6 6.a3 Nge7 7.Nge2 Ba7 8.h3 Be6
9.Nd5 Qd7 10.Nec3 Nd8 11.Nxe7 Qxe7 12.b3 Qd7 13.Bb2 O-O 14.g4 c6 15.Ne4 f6
16.Rc1 d5 17.cxd5 Bxd5 18.O-O Ne6 19.Qc2 Rfd8 20.Rcd1 Qf7 21.Ng3 Ng5 22.Qc3
Bxb3 23.Rc1 Bd5 24.f3 Ne6 25.Kh1 Nc5 26.Ba1 Rd7 27.Nf5 Nb3 28.Rc2 Rad8 29.f4
Bxg2+ 30.Kxg2 Qd5+ 31.Kg1 Nxd2 32.fxe5 Nxf1 33.exf6 Bxe3+ 34.Nxe3 Nxe3 35.Rf2
Nd1 {#R} 0-1

[Event "TCh-RUS Women 2017"]
[Site "Sochi RUS"]
[Date "2017.05.04"]
[Round "4.2"]
[White "Kashlinskaya,A"]
[Black "Gutkovich,Polina"]
[Result "1-0"]
[WhiteElo "2427"]
[BlackElo "1961"]

1.d4 d5 2.c4 e6 3.Nc3 Be7 4.cxd5 exd5 5.Bf4 Nf6 6.e3 Bf5 7.Qb3 Bc8 8.Nf3 c6
9.h3 Nbd7 10.Bd3 O-O 11.Qc2 h6 12.g4 c5 13.O-O-O cxd4 14.exd4 Nb6 15.Rhg1 Ne4
16.Bxe4 dxe4 17.Qxe4 Nc4 18.d5 Nd6 19.Qd3 Bd7 20.Kb1 Qb6 21.Ne5 Bb5 22.Nxb5
Qxb5 23.Qxb5 Nxb5 24.Nc4 Rfd8 25.d6 Bf6 26.g5 hxg5 27.Bxg5 Bxg5 28.Rxg5 Nc7
29.Na5 Ne6 30.Rb5 b6 31.Nc6 Rd7 32.Ne7+ Kf8 33.Rh5 {#r} 1-0

[Event "TCh-RUS Women 2017"]
[Site "Sochi RUS"]
[Date "2017.05.04"]
[Round "4.2"]
[White "Pustovoitova,D"]
[Black "Makarova,Darya"]
[Result "1-0"]
[WhiteElo "2420"]
[BlackElo "1827"]

1.e4 c6 2.Nf3 d5 3.Nc3 Bg4 4.h3 Bxf3 5.Qxf3 d4 6.Bc4 e6 7.Ne2 Ne7 8.d3 Ng6
9.Qg3 Be7 10.O-O O-O 11.f4 c5 12.Qf3 Nc6 13.a3 Na5 14.Ba2 b5 15.f5 exf5
16.Qxf5 Bf6 17.Nf4 Nh4 18.Qg4 Qc8 19.Qg3 Qc7 20.Qe1 Ng6 21.Nd5 Qd8 22.Nxf6+
gxf6 23.Qf2 Kg7 24.Qd2 Rb8 25.Qh6+ Kg8 26.Rf5 Qe7 27.Rh5 Rfc8 28.Qxh7+ Kf8
29.Bh6+ Ke8 30.Rf1 Rb6 31.Qg8+ Kd7 32.Qxf7 Qxf7 33.Bxf7 Ne5 34.Bd5 Rh8 35.g4
c4 36.Bg7 Rxh5 37.gxh5 cxd3 38.cxd3 Ke7 39.h6 Ng6 40.h7 Rb8 41.Rxf6 Nh8 42.Bg8
{#r} 1-0

[Event "TCh-RUS Women 2017"]
[Site "Sochi RUS"]
[Date "2017.05.04"]
[Round "4.2"]
[White "Kalashnikova,El"]
[Black "Shuvalova,Polina"]
[Result "0-1"]
[WhiteElo "1720"]
[BlackElo "2385"]

1.e4 c5 2.Nf3 Nc6 3.Bb5 g6 4.Bxc6 bxc6 5.O-O Bg7 6.c3 Nh6 7.d4 cxd4 8.Nxd4 O-O
9.Nd2 c5 10.N4f3 Qc7 11.Re1 Bb7 12.h3 f5 13.e5 Kh8 14.Nc4 f4 15.Ncd2 Nf7 16.e6
dxe6 17.Rxe6 Rad8 18.Qc2 Be5 19.Nc4 Bxf3 20.gxf3 Qd7 21.Rxe5 Nxe5 22.Nxe5 Qxh3
23.Qe2 Rf5 24.Nf7+ Kg8 25.Bxf4 Rh5 26.Nh6+ Kf8 27.Qxe7+ Kxe7 28.Re1+ Kf8 {#R}
0-1

[Event "TCh-RUS Women 2017"]
[Site "Sochi RUS"]
[Date "2017.05.04"]
[Round "4.3"]
[White "Beshukova,Alina"]
[Black "Mukhina,Jana"]
[Result "1-0"]
[WhiteElo "1997"]
[BlackElo "2004"]

1.d4 Nf6 2.c4 b6 3.Nf3 Bb7 4.e3 e6 5.Bd3 d5 6.O-O Bd6 7.b3 Nbd7 8.Bb2 O-O
9.Nbd2 Ne4 10.Qc2 f5 11.Rac1 c6 12.Ne5 Bb4 13.Ndf3 Rc8 14.Nxd7 Qxd7 15.Ne5 Qe7
16.f3 Nf6 17.c5 bxc5 18.dxc5 Ba5 19.a3 Nd7 20.b4 Bc7 21.Nxd7 Qxd7 22.e4 Bf4
23.Rce1 Rce8 24.exf5 exf5 25.Bxf5 Rxf5 26.Rxe8+ Qxe8 27.Qxf5 Qe3+ 28.Kh1 Ba6
29.Rg1 d4 30.Bc1 Qxg1+ 31.Kxg1 Bxc1 32.Qe6+ Kf8 33.Qd6+ Kf7 34.Qxc6 Be3+
35.Kh1 Bc4 36.Qd7+ Kf6 37.c6 d3 38.c7 d2 39.c8=Q Bb3 40.Qc3+ {#r} 1-0

[Event "TCh-RUS Women 2017"]
[Site "Sochi RUS"]
[Date "2017.05.04"]
[Round "4.4"]
[White "Pogonina,N"]
[Black "Nebolsina,V"]
[Result "1-0"]
[WhiteElo "2479"]
[BlackElo "2284"]

1.d4 Nf6 2.Nf3 g6 3.c4 Bg7 4.e3 O-O 5.Be2 d6 6.O-O Nbd7 7.Nc3 e5 8.Qc2 Re8
9.Re1 Nf8 10.h3 e4 11.Nd2 Qe7 12.b4 h5 13.Bb2 Bf5 14.d5 g5 15.Nb5 c6 16.dxc6
bxc6 17.Nd4 Bd7 18.c5 d5 19.b5 Ng6 20.bxc6 Bc8 21.Nb5 Be6 22.Nd6 Reb8 23.Rab1
g4 24.Bxf6 Bxf6 25.hxg4 hxg4 26.Rb7 Qf8 27.Reb1 Be5 28.Qb3 Rc8 29.Nxc8 Rxc8
30.c7 Qxc5 31.Nf1 Bxc7 32.Qd1 g3 33.fxg3 Bb6 34.Bg4 f5 35.Bxf5 {#r} 1-0

[Event "TCh-RUS Women 2017"]
[Site "Sochi RUS"]
[Date "2017.05.04"]
[Round "4.4"]
[White "Belova,O"]
[Black "Girya,O"]
[Result "0-1"]
[WhiteElo "2050"]
[BlackElo "2476"]

1.e4 c6 2.d4 d5 3.exd5 cxd5 4.c4 Nf6 5.Nc3 Nc6 6.Bg5 dxc4 7.d5 Ne5 8.Bxc4 Nxc4
9.Qa4+ Bd7 10.Qxc4 h6 11.Bxf6 exf6 12.Nf3 Bd6 13.Qe4+ Kf8 14.O-O Qb6 15.b3 g6
16.Na4 Qa5 17.Nb2 b5 18.Nd3 Kg7 19.h4 Rhe8 20.Qd4 Rac8 21.b4 Qa3 22.Rfc1 Rxc1+
23.Rxc1 Qxa2 24.Ra1 Qc4 25.Rxa7 Bg4 26.Ra6 Bxf3 27.Qb6 Qc1+ {#R} 0-1

[Event "TCh-RUS Women 2017"]
[Site "Sochi RUS"]
[Date "2017.05.04"]
[Round "4.4"]
[White "Nechaeva,Marina"]
[Black "Shafigullina,Zarina"]
[Result "1-0"]
[WhiteElo "2409"]
[BlackElo "2028"]

1.d4 Nf6 2.c4 e6 3.Nc3 Bb4 4.Qc2 c5 5.dxc5 O-O 6.a3 Bxc5 7.Nf3 b6 8.Bf4 Bb7
9.Rd1 Nh5 10.Bc1 f5 11.e4 Qe8 12.Bd3 d5 13.exd5 exd5+ 14.Be2 dxc4 15.O-O Kh8
16.Nd5 Qe4 17.Qxe4 fxe4 18.Ng5 Bxd5 19.Rxd5 Nf6 20.Bxc4 Nc6 21.b4 Be7 22.Rdd1
Ne5 23.Ba6 h6 24.Ne6 Rg8 25.Bb2 Ng6 26.Rfe1 Rae8 27.h3 Rb8 28.Rc1 Rge8 29.Rc6
Nh4 30.Be5 Ra8 31.Nc7 Nd7 32.Rxh6+ Kg8 33.Bc4+ {#r} 1-0

[Event "ch-CHN w 2017"]
[Site "Xinghua CHN"]
[Date "2017.05.04"]
[Round "11.1"]
[White "Guo Qi"]
[Black "Zhu,Jiner"]
[Result "1-0"]
[WhiteElo "2413"]
[BlackElo "2154"]

1.d4 Nf6 2.c4 g6 3.Nc3 Bg7 4.e4 d6 5.Nf3 O-O 6.Be2 e5 7.Be3 Nc6 8.d5 Ne7 9.Nd2
Ne8 10.O-O f5 11.f3 f4 12.Bf2 g5 13.c5 Ng6 14.Nc4 Rf7 15.a4 h5 16.cxd6 Nxd6
17.Nb5 b6 18.Ncxd6 cxd6 19.Rc1 Bf8 20.Rc6 Rg7 21.h3 Nh4 22.Qb3 Bd7 23.Nxd6
Bxh3 24.Nf5 Nxf5 25.exf5 Bxf5 26.d6+ Kh8 27.Qd5 Qe8 28.Bc4 Bd7 29.Rc7 Rd8
30.Re1 Qg6 31.Rxe5 Bxd6 32.Rxd7 Rdxd7 33.Re6 Qb1+ 34.Kh2 Rg6 35.Re8+ Kh7
36.Bd3 {#r} 1-0

[Event "ch-CHN w 2017"]
[Site "Xinghua CHN"]
[Date "2017.05.04"]
[Round "11.5"]
[White "Zhai Mo"]
[Black "Ren,Xiaoyi"]
[Result "0-1"]
[WhiteElo "2303"]
[BlackElo "2262"]

1.Nf3 d5 2.g3 Nf6 3.Bg2 g6 4.d4 Bg7 5.O-O O-O 6.c4 c6 7.Nc3 dxc4 8.a4 Na6
9.Nb1 Bf5 10.Na3 Nb4 11.Bd2 Nbd5 12.Nxc4 Ne4 13.Qb3 Rb8 14.Rfd1 Qc8 15.Be1 Bh3
16.Nfe5 Bxg2 17.Kxg2 Qe6 18.Qd3 Ng5 19.Bd2 Qh3+ 20.Kg1 Ne6 21.e4 Nf6 22.Be3
Rfd8 23.f3 Nd7 24.Qa3 Nxe5 25.dxe5 b5 26.Na5 Bxe5 27.f4 b4 28.Qb3 Bxf4 29.Bxf4
Nxf4 30.Qf3 Ne6 31.Nxc6 Rxd1+ 32.Qxd1 Rb7 33.a5 Qh6 34.Qc1 Qh5 35.Qc4 Rc7
36.Qd5 Qe2 37.b3 Qe3+ 38.Kg2 Qc3 {#R} 0-1

[Event "ch-CHN w 2017"]
[Site "Xinghua CHN"]
[Date "2017.05.04"]
[Round "11.6"]
[White "Wang Jue"]
[Black "Zhu,Ying"]
[Result "1-0"]
[WhiteElo "2335"]
[BlackElo "2107"]

1.e4 e5 2.Nf3 Nc6 3.Bb5 a6 4.Ba4 Nf6 5.O-O Be7 6.d3 b5 7.Bb3 d6 8.a4 b4 9.a5
O-O 10.Nbd2 Bg4 11.h3 Bh5 12.c3 Rb8 13.Re1 h6 14.g4 Bg6 15.Nc4 Nh7 16.Ne3 Bg5
17.Bc4 Qc8 18.Kg2 Ne7 19.Nxg5 Nxg5 20.h4 Ne6 21.Nf5 Re8 22.Qf3 Nd8 23.h5 Bxf5
24.gxf5 d5 25.Ba2 b3 26.Bb1 f6 27.Qg3 Nf7 28.Rg1 Ng5 29.Be3 c5 30.Rh1 Kf7
31.f3 Rh8 32.Qf2 d4 33.Bd2 Qb7 34.Ra4 Rbd8 35.Rc4 Qb5 36.Rc1 Rc8 37.cxd4 cxd4
38.Rb4 Qxa5 39.Rxb3 Qd8 40.Rxc8 Qxc8 41.Ba2 Ke8 42.Rb6 a5 43.Bxa5 Qa8 44.Bc4
Nf7 45.Bb4 Nc8 46.Re6+ Kd8 47.Qd2 Na7 48.Ba5+ Kd7 49.Qb4 Nc6 50.Bb5 {#r} 1-0

[Event "ch-CZE 2017"]
[Site "Ostrava CZE"]
[Date "2017.05.04"]
[Round "6.2"]
[White "Kislinsky,A"]
[Black "Navara,D"]
[Result "0-1"]
[WhiteElo "2481"]
[BlackElo "2732"]

1.e4 c5 2.Nc3 d6 3.Bb5+ Bd7 4.Bxd7+ Qxd7 5.f4 Nc6 6.Nf3 g6 7.O-O Bg7 8.d3 Nf6
9.Bd2 O-O 10.Qe1 b5 11.Ne2 a5 12.f5 Nb4 13.Qd1 c4 14.Nf4 cxd3 15.cxd3 gxf5
16.exf5 Qxf5 17.Nh4 Qg4 18.Qxg4 Nxg4 19.Nf5 Bxb2 20.Rab1 Bf6 21.Nh5 Nxd3 22.h3
Nge5 23.Nh6+ Kh8 24.Nxf6 exf6 25.Rxf6 b4 26.Bg5 Nc5 27.Rxd6 Ne4 28.Re1 Nf3+
29.gxf3 Nxg5 30.Kf2 Nxh3+ 31.Kg3 Ng5 32.f4 Ne6 33.f5 Ng5 34.Kg4 f6 35.Re7 a4
36.Kh5 Rab8 37.Rdd7 b3 38.Ng4 bxa2 39.Kh6 Rf7 40.Rxf7 Nxf7+ 41.Rxf7 a1=Q {#R}
0-1

[Event "ch-CZE 2017"]
[Site "Ostrava CZE"]
[Date "2017.05.04"]
[Round "6.5"]
[White "Malinovsky,K"]
[Black "Vykouk,Jan"]
[Result "1-0"]
[WhiteElo "2479"]
[BlackElo "2424"]

1.e4 c5 2.Nf3 d6 3.d4 cxd4 4.Nxd4 Nf6 5.Nc3 a6 6.h3 e6 7.g4 b5 8.Bg2 Bb7 9.O-O
b4 10.Nd5 exd5 11.exd5 Be7 12.g5 Nfd7 13.Nc6 Qc7 14.Nxe7 Kxe7 15.Qd4 Kf8
16.Re1 Ne5 17.Rxe5 dxe5 18.Qxb4+ Ke8 19.d6 Nc6 20.dxc7 Nxb4 21.Bxb7 Nxc2
22.Bxa8 Kd7 23.Rb1 Rxa8 24.Bd2 Nd4 25.Ba5 Rc8 26.Kg2 Kc6 27.Rc1+ Kb7 28.Rc4
Nc6 29.Bc3 Re8 30.Rh4 Rh8 31.f4 f6 32.gxf6 gxf6 33.Rh6 Kxc7 34.Rxf6 Rg8+
35.Kf3 exf4 36.Rf7+ Kd6 37.Rxh7 Nd8 38.Kxf4 Ne6+ 39.Ke3 Re8 40.Rh8 Kd5 {#r}
1-0

[Event "ch-CZE 2017"]
[Site "Ostrava CZE"]
[Date "2017.05.04"]
[Round "6.6"]
[White "Hracek,Z"]
[Black "Dolezal,Ra1"]
[Result "1-0"]
[WhiteElo "2610"]
[BlackElo "2399"]

1.e4 e5 2.Nf3 Nc6 3.Bb5 a6 4.Ba4 Nf6 5.O-O Be7 6.d3 d6 7.c3 O-O 8.Nbd2 b5
9.Bc2 Nb8 10.d4 Nbd7 11.Re1 Re8 12.Nf1 Bf8 13.Ng3 g6 14.a4 Bb7 15.b3 c6 16.Bg5
Qc7 17.Qd2 Kh8 18.b4 Ng8 19.Bb3 f6 20.Be3 Nb6 21.Qa2 Bg7 22.dxe5 dxe5 23.a5
Nd7 24.c4 bxc4 25.Bxc4 Ne7 26.h4 c5 27.bxc5 Nxc5 28.Rac1 Nd7 29.Bf7 Nc6
30.Bxe8 Rxe8 31.h5 Ndb8 32.Nh4 g5 33.Nhf5 Bf8 34.Bb6 Qd7 35.Red1 Qe6 36.Qxe6
Rxe6 37.Bc7 {#r} 1-0

[Event "ch-CZE 2017"]
[Site "Ostrava CZE"]
[Date "2017.05.04"]
[Round "6.7"]
[White "Babula,V"]
[Black "Zwardon,V"]
[Result "1-0"]
[WhiteElo "2559"]
[BlackElo "2406"]

1.d4 Nf6 2.Nf3 e6 3.c4 c5 4.d5 b5 5.dxe6 fxe6 6.cxb5 a6 7.e3 Be7 8.Nbd2 O-O
9.b3 axb5 10.Bxb5 Ba6 11.Bxa6 Rxa6 12.O-O Nc6 13.Bb2 Qa8 14.a3 Rb8 15.Rc1 Qb7
16.Qc2 Nd5 17.Rfd1 Rb6 18.Ne5 Nxe5 19.Bxe5 Ra8 20.e4 Nf6 21.Nc4 Rxb3 22.Bd6
Bd8 23.Bxc5 Nxe4 24.Bb4 Bh4 25.Qxb3 Bxf2+ 26.Kh1 Ba7 27.Rf1 Nf2+ 28.Rxf2 Bxf2
29.Nd6 {#r} 1-0

[Event "ch-CZE 2017"]
[Site "Ostrava CZE"]
[Date "2017.05.04"]
[Round "6.9"]
[White "Simacek,P"]
[Black "Caletka,R"]
[Result "1-0"]
[WhiteElo "2480"]
[BlackElo "2349"]

1.e4 e5 2.Nf3 Nc6 3.d4 exd4 4.Nxd4 Nf6 5.Nxc6 bxc6 6.e5 Qe7 7.Qe2 Nd5 8.Nd2 g6
9.c4 Nf4 10.Qe4 Ne6 11.Be2 Bg7 12.f4 O-O 13.O-O f6 14.Nf3 fxe5 15.fxe5 Rb8
16.Kh1 c5 17.Qe3 Bb7 18.Bd2 Bxf3 19.Bxf3 Rxb2 20.Bc3 Rbb8 21.Rad1 c6 22.Rfe1
Rf4 23.g3 Rxc4 24.Qd3 Rxc3 25.Qxc3 Nd4 26.Bg4 Re8 27.Rb1 h5 28.Bh3 g5 29.Qd3
g4 30.Bg2 Qe6 31.Rb7 Kh8 32.Rxa7 Bxe5 33.Qd2 Rf8 34.Qg5 Nf5 35.Qxh5+ Kg8
36.Qxg4+ Kh8 37.Qh5+ Kg8 38.g4 {#r} 1-0

[Event "ch-CZE 2017"]
[Site "Ostrava CZE"]
[Date "2017.05.04"]
[Round "6.17"]
[White "Obsivac,J"]
[Black "Novosadova,K"]
[Result "1-0"]
[WhiteElo "2361"]
[BlackElo "2198"]

1.d4 Nf6 2.c4 g6 3.g3 Bg7 4.Bg2 O-O 5.Nc3 d6 6.Nf3 Nc6 7.O-O a6 8.d5 Na5 9.Nd2
c5 10.Qc2 Rb8 11.b3 b5 12.Bb2 bxc4 13.bxc4 Nd7 14.Rab1 Ne5 15.Nd1 f6 16.f4 Nf7
17.e4 Bd7 18.Ne3 Qc7 19.Bc3 Rfc8 20.h4 Nh6 21.Bf3 e5 22.dxe6 Bxe6 23.Nd5 Bxd5
24.cxd5 f5 25.Rxb8 Rxb8 26.Re1 fxe4 27.Nxe4 Nf5 28.Nf6+ Kh8 29.g4 Nxh4 30.Bd1
Qf7 31.g5 Nf5 32.Bxa5 Nd4 33.Qe4 Bxf6 34.gxf6 Qxf6 35.Bd2 Qh4 36.Qe3 g5
37.fxg5 Rg8 38.Qf4 Qxf4 39.Bxf4 h6 40.Kg2 Kh7 41.Rh1 Kg6 42.Rxh6+ Kf5 43.Kg3
Ke4 44.Kg4 Kxd5 45.Rxd6+ Ke4 46.Rxa6 Rh8 47.Ra3 Kd5 {#r} 1-0

[Event "ch-CZE 2017"]
[Site "Ostrava CZE"]
[Date "2017.05.04"]
[Round "6.18"]
[White "Vlasak,Lu"]
[Black "Vanek,T"]
[Result "1-0"]
[WhiteElo "2375"]
[BlackElo "2134"]

1.e4 c5 2.Nf3 Nc6 3.Bb5 Nf6 4.Bxc6 bxc6 5.e5 Nd5 6.O-O Ba6 7.d3 h6 8.c4 Nc7
9.Nc3 Ne6 10.Be3 g5 11.Ne4 Qb8 12.h3 d5 13.exd6 f5 14.Ne5 Qxb2 15.d7+ Kd8
16.Nxc6+ Kxd7 17.Rb1 Qa3 18.Bc1 Qxa2 19.Nc3 Qxb1 20.Nxb1 Bg7 21.Qa4 g4 22.Ne5+
Kd6 23.Qd7+ Kxe5 24.Re1+ {#r} 1-0

[Event "ch-CZE 2017"]
[Site "Ostrava CZE"]
[Date "2017.05.04"]
[Round "6.19"]
[White "Postupa,P2"]
[Black "Kovar,V"]
[Result "0-1"]
[WhiteElo "2202"]
[BlackElo "2326"]

1.e4 c5 2.Nf3 e6 3.d4 cxd4 4.Nxd4 a6 5.Nc3 Qc7 6.Bd3 Nf6 7.f4 d6 8.g4 Nc6
9.Nxc6 bxc6 10.Qe2 Rb8 11.g5 Nd7 12.Bxa6 Bxa6 13.Qxa6 d5 14.Qe2 Bc5 15.exd5
cxd5 16.Rf1 O-O 17.a4 Bb4 18.Bd2 Qa5 19.Nd1 d4 20.Bxb4 Rxb4 21.Qd2 Nc5 22.Nf2
Rfb8 23.Ra3 e5 24.fxe5 d3 25.cxd3 Nb3 26.Qc3 Nd4 27.Kd1 Qd5 28.Ne4 Rxb2 29.Ra1
Qd7 30.e6 fxe6 31.Rc1 Qxa4+ {#R} 0-1

[Event "ch-CZE 2017"]
[Site "Ostrava CZE"]
[Date "2017.05.04"]
[Round "6.22"]
[White "Freisler,P"]
[Black "Sikorova,O"]
[Result "0-1"]
[WhiteElo "2256"]
[BlackElo "2206"]

1.Nf3 Nf6 2.b3 b6 3.Bb2 Bb7 4.d4 g6 5.c4 Bg7 6.e3 O-O 7.Be2 e6 8.O-O c5 9.Nc3
Nc6 10.Qd2 cxd4 11.exd4 d5 12.Rfd1 Rc8 13.Rac1 dxc4 14.bxc4 Na5 15.Ne5 Re8
16.Qf4 a6 17.h4 Qc7 18.Nb1 Nc6 19.Nd2 Nxe5 20.dxe5 Nd7 21.Bf3 Nc5 22.Bxb7 Qxb7
23.Nf3 Red8 24.Bd4 h6 25.Bxc5 bxc5 26.Rd6 Bf8 27.Rxd8 Rxd8 28.h5 gxh5 29.Qh4
Rd7 30.Re1 Qb4 31.Kh2 Bg7 32.Re4 Qb1 33.a4 a5 34.Re3 Qc2 35.Ng1 Rd4 36.f4 Qxc4
37.Ne2 Rd3 38.Rxd3 Qxd3 39.Ng3 c4 40.Nxh5 Qg6 41.Qd8+ Kh7 42.Nxg7 Kxg7 43.Qxa5
Qe4 44.g3 Qc2+ 45.Kh3 c3 46.Qc7 Qd3 47.a5 c2 48.a6 Qf1+ {#R} 0-1

[Event "ch-CZE 2017"]
[Site "Ostrava CZE"]
[Date "2017.05.04"]
[Round "6.23"]
[White "Sikora,J"]
[Black "Bartos,J"]
[Result "0-1"]
[WhiteElo "2204"]
[BlackElo "2157"]

1.e4 e6 2.d4 d5 3.e5 c5 4.c3 Nc6 5.Nf3 Bd7 6.a3 Nge7 7.b4 cxd4 8.cxd4 Nf5
9.Be3 b5 10.Nc3 a5 11.Nxb5 axb4 12.a4 Be7 13.Bd3 Qb6 14.O-O Na5 15.Qe2 O-O
16.Qa2 Rfc8 17.Rfc1 Nc4 18.Bxc4 dxc4 19.Nd6 Bxd6 20.exd6 Rxa4 21.Qb2 Qxd6
22.Ne5 Rxa1 23.Qxa1 Nxe3 24.fxe3 c3 25.Qa5 Be8 26.Nd3 Rb8 27.Nc5 Qb6 28.Qa1
Bc6 29.Qb1 Qb5 30.Qb3 Qe2 {#R} 0-1

[Event "ch-CZE 2017"]
[Site "Ostrava CZE"]
[Date "2017.05.04"]
[Round "6.24"]
[White "Kanakova,Natalie"]
[Black "Rabatin,J"]
[Result "0-1"]
[WhiteElo "2112"]
[BlackElo "2286"]

1.e4 c6 2.d4 d5 3.Nc3 dxe4 4.Nxe4 Nd7 5.Bc4 Ngf6 6.Ng5 e6 7.N1f3 h6 8.Nh3 g5
9.Nd2 Nb6 10.c3 Bd6 11.f3 Qc7 12.Qe2 Bd7 13.Nf1 O-O-O 14.Be3 Nfd5 15.O-O-O
Rhe8 16.Nf2 f5 17.Kb1 e5 18.Bxd5 Nxd5 19.Qc2 exd4 20.Bxd4 Be5 21.Bxe5 Qxe5
22.Nd3 Qe7 23.c4 Nf6 24.f4 Be6 25.g3 Bf7 26.Nd2 Bh5 27.Rhe1 Bxd1 28.Rxd1 Ng4
29.Qb3 Ne3 30.Re1 Qd6 {#R} 0-1

[Event "ch-CZE 2017"]
[Site "Ostrava CZE"]
[Date "2017.05.04"]
[Round "6.25"]
[White "Macicek,Jak"]
[Black "Didi,J"]
[Result "1-0"]
[WhiteElo "2284"]
[BlackElo "2050"]

1.e4 c5 2.Nf3 d6 3.Bb5+ Bd7 4.Bxd7+ Qxd7 5.c4 Nc6 6.Nc3 Nd4 7.Nxd4 cxd4 8.Ne2
e5 9.d3 g6 10.O-O Ne7 11.f4 Bg7 12.Ng3 f5 13.exf5 O-O-O 14.fxe5 Bxe5 15.f6 Nc6
16.Ne4 h6 17.Bd2 Rdf8 18.b4 Qe6 19.b5 Nd8 20.Bb4 Nf7 21.Qa4 Kb8 22.Rae1 Ng5
23.b6 axb6 24.Nxd6 Rxf6 25.Rxf6 Qxf6 26.Qd7 Nh3+ 27.gxh3 Bxh2+ 28.Kg2 Qg5+
29.Qg4 {#r} 1-0

[Event "ch-CZE 2017"]
[Site "Ostrava CZE"]
[Date "2017.05.04"]
[Round "6.29"]
[White "Malinovsky,P"]
[Black "Ockay,T"]
[Result "0-1"]
[WhiteElo "2024"]
[BlackElo "2107"]

1.d4 f5 2.Nc3 d5 3.Bf4 Nf6 4.f3 e6 5.a3 Bd6 6.Qd2 O-O 7.O-O-O c5 8.dxc5 Bxf4
9.Qxf4 b6 10.Qd6 bxc5 11.Qxd8 Rxd8 12.e4 Nc6 13.exd5 exd5 14.Bb5 Nd4 15.Nge2
Nxb5 16.Nxb5 Ba6 17.Nec3 Rd7 18.a4 Rb8 19.Rhe1 d4 20.Re6 dxc3 21.Rxd7 cxb2+
22.Kb1 Bxb5 23.Rd1 Bxa4 24.Red6 Kf7 25.Ra6 Nd5 26.Rxa7+ Kg8 27.Rd3 Bxc2+ {#R}
0-1

[Event "Ostravsky Konik Open A"]
[Site "Ostrava CZE"]
[Date "2017.05.04"]
[Round "6.2"]
[White "Pardy,M"]
[Black "Zylka,Stanislaw"]
[Result "0-1"]
[WhiteElo "2024"]
[BlackElo "2305"]

1.e4 g6 2.g3 c5 3.Nc3 Nc6 4.Bg2 Bg7 5.d3 e6 6.Nge2 Nge7 7.O-O O-O 8.Be3 Nd4
9.Nf4 d6 10.Qd2 Rb8 11.Nd1 e5 12.Ne2 Bh3 13.Nxd4 Bxg2 14.Ne6 Qc8 15.Kxg2 Qxe6
16.c4 f5 17.Bh6 Bxh6 18.Qxh6 fxe4 19.dxe4 Qxc4 20.Qh4 Nc6 21.Ne3 Qe6 22.Nd5
Nd4 23.Nc7 Qf7 24.Nd5 Qf3+ 25.Kh3 Qf7 26.f4 Qe6+ 27.Qg4 Qxg4+ 28.Kxg4 Kg7
29.f5 b5 30.h4 a5 31.h5 gxf5+ 32.exf5 c4 33.h6+ Kf7 34.Kh5 Ke8 35.g4 Kd7
36.Rf2 b4 37.Raf1 Rb5 38.Ne3 c3 39.bxc3 bxc3 40.g5 Rb2 41.g6 hxg6+ 42.Kxg6
Rg8+ 43.Kf7 Rbb8 {#R} 0-1